[Event "British Rapidplay Championship 2023"]
[Site "Mercure Bradford, Bankfield Hotel"]
[Date "2023.04.16"]
[Round "11.16"]
[White "McKay, Jonathan"]
[Black "Wood, Jack"]
[Result "1-0"]
[TimeControl "All moves in 15 minutes plus 10 second increment per move from move 1"]
[WhiteElo "1796"]
[BlackElo "1626"]

1. e4 {[%clk 00:15:19]} c5 {[%clk 00:15:11]} {[%emt 00:00:10]} 2. Nf3 {[%clk
00:15:26]} {[%emt 00:00:02]} Nc6 {[%clk 00:15:18]} {[%emt 00:00:03]} 3. Bb5
{[%clk 00:15:30]} {[%emt 00:00:06]} a6 {[%clk 00:15:16]} {[%emt 00:00:13]} 4.
Bxc6 {[%clk 00:15:31]} {[%emt 00:00:08]} bxc6 {[%clk 00:15:24]} {[%emt
00:00:03]} 5. b3 {[%clk 00:15:16]} {[%emt 00:00:25]} d5 {[%clk 00:15:08]}
{[%emt 00:00:26]} 6. exd5 {[%clk 00:15:17]} {[%emt 00:00:09]} cxd5 {[%clk
00:15:16]} {[%emt 00:00:02]} 7. Bb2 {[%clk 00:15:26]} {[%emt 00:00:01]} Nf6
{[%clk 00:14:47]} {[%emt 00:00:39]} 8. O-O {[%clk 00:15:22]} {[%emt 00:00:14]}
e6 {[%clk 00:13:44]} {[%emt 00:01:12]} 9. d4 {[%clk 00:15:04]} {[%emt
00:00:28]} c4 {[%clk 00:12:43]} {[%emt 00:01:11]} 10. Ne5 {[%clk 00:13:59]}
{[%emt 00:01:15]} Bd6 {[%clk 00:10:37]} {[%emt 00:02:16]} 11. bxc4 {[%clk
00:13:22]} {[%emt 00:00:47]} dxc4 {[%clk 00:08:15]} {[%emt 00:02:32]} 12. Nxc4
{[%clk 00:12:39]} {[%emt 00:00:53]} Bc7 {[%clk 00:08:05]} {[%emt 00:00:20]} 13.
Ne3 {[%clk 00:12:22]} {[%emt 00:00:26]} Qd6 {[%clk 00:07:32]} {[%emt 00:00:44]}
14. f4 {[%clk 00:11:33]} {[%emt 00:00:58]} O-O {[%clk 00:07:26]} {[%emt
00:00:17]} 15. Ba3 {[%clk 00:11:31]} {[%emt 00:00:11]} Qc6 {[%clk 00:06:17]}
{[%emt 00:01:21]} 16. Bxf8 {[%clk 00:11:30]} {[%emt 00:00:10]} Kxf8 {[%clk
00:06:24]} {[%emt 00:00:03]} 17. Qe2 {[%clk 00:10:42]} {[%emt 00:00:57]} Qe4
{[%clk 00:04:49]} {[%emt 00:01:47]} 18. Qf3 {[%clk 00:09:14]} {[%emt 00:01:35]}
Rb8 {[%clk 00:02:46]} {[%emt 00:02:15]} 19. Qxe4 {[%clk 00:07:17]} {[%emt
00:02:07]} Nxe4 {[%clk 00:02:52]} {[%emt 00:00:04]} 20. Nc4 {[%clk 00:06:33]}
{[%emt 00:00:53]} Rb4 {[%clk 00:01:55]} {[%emt 00:01:08]} 21. Nba3 {[%clk
00:05:07]} {[%emt 00:01:36]} Nc3 {[%clk 00:01:59]} {[%emt 00:00:07]} 22. Rae1
{[%clk 00:04:39]} {[%emt 00:00:36]} Bb7 {[%clk 00:01:54]} {[%emt 00:00:17]} 23.
f5 {[%clk 00:03:49]} {[%emt 00:00:59]} exf5 {[%clk 00:01:14]} {[%emt 00:00:50]}
24. Rxf5 {[%clk 00:03:51]} {[%emt 00:00:06]} g6 {[%clk 00:01:19]} {[%emt
00:00:07]} 25. Rc5 {[%clk 00:02:35]} {[%emt 00:01:25]} Bb8 {[%clk 00:00:21]}
{[%emt 00:01:10]} 26. Na5 {[%clk 00:02:03]} {[%emt 00:00:41]} 1-0

[Event "British Rapidplay Championship 2023"]
[Site "Mercure Bradford, Bankfield Hotel"]
[Date "2023.04.16"]
[Round "11.17"]
[White "Railwani, Tavish"]
[Black "Holi, Siefaldin A"]
[Result "1-0"]
[TimeControl "All moves in 15 minutes plus 10 second increment per move from move 1"]
[WhiteElo "1517"]
[BlackElo "1644"]

1. e4 {[%clk 00:15:17]} {[%emt 00:00:03]} e5 {[%clk 00:15:18]} {[%emt
00:00:03]} 2. Nf3 {[%clk 00:15:20]} {[%emt 00:00:07]} Nc6 {[%clk 00:15:24]}
{[%emt 00:00:05]} 3. Bc4 {[%clk 00:15:18]} {[%emt 00:00:10]} Nd4 {[%clk
00:15:19]} {[%emt 00:00:16]} 4. Nxd4 {[%clk 00:15:24]} {[%emt 00:00:04]} exd4
{[%clk 00:15:27]} {[%emt 00:00:03]} 5. d3 {[%clk 00:15:31]} {[%emt 00:00:03]}
h6 {[%clk 00:15:14]} {[%emt 00:00:22]} 6. Nd2 {[%clk 00:15:32]} {[%emt
00:00:08]} Nf6 {[%clk 00:15:20]} {[%emt 00:00:06]} 7. Nf3 {[%clk 00:15:29]}
{[%emt 00:00:12]} c5 {[%clk 00:15:28]} {[%emt 00:00:02]} 8. Bf4 {[%clk
00:15:10]} {[%emt 00:00:29]} d6 {[%clk 00:15:18]} {[%emt 00:00:20]} 9. h3
{[%clk 00:15:13]} {[%emt 00:00:07]} Bd7 {[%clk 00:15:17]} {[%emt 00:00:12]} 10.
O-O {[%clk 00:15:17]} {[%emt 00:00:04]} g5 {[%clk 00:15:20]} {[%emt 00:00:08]}
11. Bg3 {[%clk 00:15:15]} {[%emt 00:00:11]} g4 {[%clk 00:15:28]} {[%emt
00:00:03]} 12. hxg4 {[%clk 00:14:56]} {[%emt 00:00:29]} Nxg4 {[%clk 00:15:07]}
{[%emt 00:00:31]} 13. e5 {[%clk 00:14:31]} {[%emt 00:00:34]} Qc7 {[%clk
00:14:37]} {[%emt 00:00:41]} 14. exd6 {[%clk 00:14:21]} {[%emt 00:00:21]} Bxd6
{[%clk 00:14:40]} {[%emt 00:00:04]} 15. Re1+ {[%clk 00:13:59]} {[%emt
00:00:34]} Kd8 {[%clk 00:14:49]} {[%emt 00:00:01]} 16. Bh4+ {[%clk 00:13:05]}
{[%emt 00:01:03]} f6 {[%clk 00:14:35]} {[%emt 00:00:25]} 17. Be6 {[%clk
00:11:42]} {[%emt 00:01:32]} Bxe6 {[%clk 00:13:21]} {[%emt 00:01:23]} 18. Rxe6
{[%clk 00:11:26]} {[%emt 00:00:27]} Rg8 {[%clk 00:13:11]} {[%emt 00:00:20]} 19.
Qf1 {[%clk 00:09:40]} {[%emt 00:01:56]} Kd7 {[%clk 00:12:14]} {[%emt 00:01:09]}
20. Rae1 {[%clk 00:08:48]} {[%emt 00:01:01]} Bh2+ {[%clk 00:12:18]} {[%emt
00:00:05]} 21. Kh1 {[%clk 00:08:11]} {[%emt 00:00:48]} Bd6 {[%clk 00:12:25]}
{[%emt 00:00:04]} 22. Bxf6 {[%clk 00:07:17]} {[%emt 00:01:02]} Nxf6 {[%clk
00:10:21]} {[%emt 00:02:15]} 23. Rxf6 {[%clk 00:06:36]} {[%emt 00:00:50]} Raf8
{[%clk 00:09:16]} {[%emt 00:01:16]} 24. Ree6 {[%clk 00:05:02]} {[%emt
00:01:43]} Rxf6 {[%clk 00:09:21]} 25. Rxf6 {[%clk 00:04:52]} {[%emt 00:00:25]}
Kc8 {[%clk 00:09:19]} {[%emt 00:00:13]} 26. Qe2 {[%clk 00:03:50]} {[%emt
00:01:12]} Rd8 {[%clk 00:07:05]} {[%emt 00:02:23]} 27. Qe6+ {[%clk 00:03:23]}
{[%emt 00:00:38]} Kb8 {[%clk 00:07:14]} 28. Rxh6 {[%clk 00:02:21]} {[%emt
00:01:11]} Bf4 {[%clk 00:06:53]} {[%emt 00:00:31]} 29. Rh4 {[%clk 00:01:40]}
{[%emt 00:00:52]} Bc1 {[%clk 00:06:51]} {[%emt 00:00:12]} 30. b3 {[%clk
00:01:27]} {[%emt 00:00:23]} Qa5 {[%clk 00:06:33]} {[%emt 00:00:28]} 31. Qe5+
{[%clk 00:01:16]} {[%emt 00:00:20]} Kc8 {[%clk 00:05:59]} {[%emt 00:00:43]} 32.
Rh5 {[%clk 00:01:03]} {[%emt 00:00:24]} b6 {[%clk 00:05:40]} {[%emt 00:00:30]}
33. Rh7 {[%clk 00:00:53]} {[%emt 00:00:19]} b5 {[%clk 00:04:21]} {[%emt
00:01:30]} 34. Qxc5+ {[%clk 00:00:55]} {[%emt 00:00:08]} Kb8 {[%clk 00:04:24]}
{[%emt 00:00:05]} 35. Qe5+ {[%clk 00:00:56]} {[%emt 00:00:10]} Ka8 {[%clk
00:03:42]} {[%emt 00:00:43]} 36. Qe4+ {[%clk 00:01:03]} {[%emt 00:00:13]} 1-0

[Event "British Rapidplay Championship 2023"]
[Site "Mercure Bradford, Bankfield Hotel"]
[Date "2023.04.16"]
[Round "11.19"]
[White "Redmond, Nigel"]
[Black "Graff, Ben"]
[Result "0-1"]
[TimeControl "All moves in 15 minutes plus 10 second increment per move from move 1"]
[WhiteElo "1656"]
[BlackElo "1658"]

1. e4 {[%clk 00:15:16]} {[%emt 00:00:03]} e6 {[%clk 00:15:20]} 2. d3 {[%clk
00:15:15]} {[%emt 00:00:11]} d5 {[%clk 00:15:23]} {[%emt 00:00:07]} 3. Nd2
{[%clk 00:15:22]} {[%emt 00:00:03]} dxe4 {[%clk 00:15:25]} {[%emt 00:00:08]} 4.
dxe4 {[%clk 00:15:21]} {[%emt 00:00:11]} e5 {[%clk 00:15:26]} {[%emt 00:00:09]}
5. Ngf3 {[%clk 00:15:16]} {[%emt 00:00:15]} Bd6 {[%clk 00:14:26]} {[%emt
00:01:11]} 6. Nc4 {[%clk 00:14:47]} {[%emt 00:00:38]} Nc6 {[%clk 00:13:28]}
{[%emt 00:01:09]} 7. Nxd6+ {[%clk 00:14:51]} {[%emt 00:00:04]} cxd6 {[%clk
00:13:10]} {[%emt 00:00:29]} 8. Bc4 {[%clk 00:14:06]} {[%emt 00:00:55]} Nf6
{[%clk 00:12:55]} {[%emt 00:00:25]} 9. Bg5 {[%clk 00:13:52]} {[%emt 00:00:23]}
h6 {[%clk 00:12:25]} {[%emt 00:00:42]} 10. Bh4 {[%clk 00:13:27]} {[%emt
00:00:33]} g5 {[%clk 00:11:34]} {[%emt 00:01:02]} 11. Nxg5 {[%clk 00:13:06]}
{[%emt 00:00:30]} hxg5 {[%clk 00:11:15]} {[%emt 00:00:29]} 12. Bxg5 {[%clk
00:13:09]} {[%emt 00:00:07]} Qa5+ {[%clk 00:10:31]} {[%emt 00:00:54]} 13. c3
{[%clk 00:12:36]} {[%emt 00:00:44]} Nxe4 {[%clk 00:09:00]} {[%emt 00:01:41]} 14.
Bxf7+ {[%clk 00:12:21]} {[%emt 00:00:25]} Kf8 {[%clk 00:08:05]} {[%emt
00:01:04]} 15. Bg6 {[%clk 00:09:34]} {[%emt 00:02:57]} Nxg5 {[%clk 00:05:55]}
{[%emt 00:02:22]} 16. Qxd6+ {[%clk 00:09:10]} {[%emt 00:00:32]} Kg7 {[%clk
00:05:28]} {[%emt 00:00:37]} 17. Bc2 {[%clk 00:07:35]} {[%emt 00:01:46]} Rh6
{[%clk 00:04:55]} {[%emt 00:00:43]} 18. Qd2 {[%clk 00:06:15]} {[%emt 00:01:30]}
Qd8 {[%clk 00:03:28]} {[%emt 00:01:35]} 19. Qe3 {[%clk 00:06:08]} {[%emt
00:00:19]} Qf6 {[%clk 00:03:13]} {[%emt 00:00:25]} 20. Qc5 {[%clk 00:04:04]}
{[%emt 00:02:14]} Bf5 {[%clk 00:02:47]} {[%emt 00:00:36]} 21. O-O-O {[%clk
00:02:29]} {[%emt 00:01:43]} Bxc2 {[%clk 00:02:06]} {[%emt 00:00:52]} 22. Rd7+
{[%clk 00:02:01]} {[%emt 00:00:38]} Nf7 {[%clk 00:01:55]} {[%emt 00:00:22]} 23.
Kxc2 {[%clk 00:01:27]} {[%emt 00:00:44]} Qf5+ {[%clk 00:01:52]} {[%emt
00:00:13]} 0-1

[Event "British Rapidplay Championship 2023"]
[Site "Mercure Bradford, Bankfield Hotel"]
[Date "2023.04.16"]
[Round "11.20"]
[White "McKay, Ruairidh"]
[Black "Bennett, Eric"]
[Result "0-1"]
[TimeControl "All moves in 15 minutes plus 10 second increment per move from move 1"]
[WhiteElo "1460"]
[BlackElo "1730"]

1. d4 {[%clk 00:15:18]} {[%emt 00:00:01]} d5 {[%clk 00:15:17]} {[%emt
00:00:03]} 2. c4 {[%clk 00:15:26]} {[%emt 00:00:02]} c6 {[%clk 00:15:26]}
{[%emt 00:00:01]} 3. Nc3 {[%clk 00:15:35]} {[%emt 00:00:02]} e6 {[%clk
00:15:34]} {[%emt 00:00:01]} 4. e3 {[%clk 00:15:43]} {[%emt 00:00:02]} f5
{[%clk 00:15:43]} {[%emt 00:00:01]} 5. Qh5+ {[%clk 00:14:58]} {[%emt 00:00:55]}
g6 {[%clk 00:15:49]} {[%emt 00:00:03]} 6. Qd1 {[%clk 00:15:07]} {[%emt
00:00:02]} Nf6 {[%clk 00:15:58]} {[%emt 00:00:02]} 7. Nf3 {[%clk 00:14:59]}
{[%emt 00:00:17]} Bd6 {[%clk 00:16:06]} {[%emt 00:00:02]} 8. Bd2 {[%clk
00:14:44]} {[%emt 00:00:26]} O-O {[%clk 00:16:13]} {[%emt 00:00:02]} 9. cxd5
{[%clk 00:14:06]} {[%emt 00:00:48]} exd5 {[%clk 00:16:22]} {[%emt 00:00:01]} 10.
Be2 {[%clk 00:14:05]} {[%emt 00:00:12]} Qe7 {[%clk 00:16:30]} {[%emt 00:00:01]}
11. O-O {[%clk 00:14:07]} {[%emt 00:00:08]} Ne4 {[%clk 00:16:35]} {[%emt
00:00:04]} 12. Nxe4 {[%clk 00:14:06]} {[%emt 00:00:12]} fxe4 {[%clk 00:16:43]}
{[%emt 00:00:02]} 13. Ne1 {[%clk 00:13:54]} {[%emt 00:00:22]} Qh4 {[%clk
00:16:51]} {[%emt 00:00:02]} 14. g3 {[%clk 00:13:29]} {[%emt 00:00:36]} Qh3
{[%clk 00:16:50]} {[%emt 00:00:10]} 15. Ng2 {[%clk 00:13:25]} {[%emt 00:00:14]}
g5 {[%clk 00:16:55]} {[%emt 00:00:05]} 16. f3 {[%clk 00:11:44]} {[%emt
00:01:51]} exf3 {[%clk 00:16:49]} {[%emt 00:00:16]} 17. Bxf3 {[%clk 00:11:13]}
{[%emt 00:00:42]} Bf5 {[%clk 00:16:37]} {[%emt 00:00:21]} 18. Qb3 {[%clk
00:07:07]} {[%emt 00:04:16]} Rf7 {[%clk 00:16:46]} {[%emt 00:00:01]} 19. e4
{[%clk 00:07:01]} {[%emt 00:00:17]} dxe4 {[%clk 00:16:52]} {[%emt 00:00:03]} 20.
Bxe4 {[%clk 00:06:49]} {[%emt 00:00:23]} Be6 {[%clk 00:16:45]} {[%emt
00:00:15]} 21. Qe3 {[%clk 00:06:02]} {[%emt 00:00:57]} h6 {[%clk 00:16:33]}
{[%emt 00:00:22]} 22. Rxf7 {[%clk 00:05:32]} {[%emt 00:00:41]} Bxf7 {[%clk
00:16:41]} {[%emt 00:00:03]} 23. Qd3 {[%clk 00:04:45]} {[%emt 00:00:57]} Qd7
{[%clk 00:14:51]} {[%emt 00:01:59]} 24. Ne3 {[%clk 00:03:37]} {[%emt 00:01:18]}
Bf8 {[%clk 00:14:49]} {[%emt 00:00:13]} 25. Rf1 {[%clk 00:03:34]} {[%emt
00:00:12]} Na6 {[%clk 00:14:47]} {[%emt 00:00:11]} 26. a3 {[%clk 00:03:35]}
{[%emt 00:00:10]} Nc7 {[%clk 00:14:55]} {[%emt 00:00:02]} 27. Bf5 {[%clk
00:03:26]} {[%emt 00:00:19]} Be6 {[%clk 00:14:52]} {[%emt 00:00:11]} 28. Bc3
{[%clk 00:02:45]} {[%emt 00:00:51]} Nd5 {[%clk 00:14:59]} {[%emt 00:00:03]} 29.
Nxd5 {[%clk 00:02:49]} {[%emt 00:00:07]} cxd5 {[%clk 00:15:07]} {[%emt
00:00:02]} 30. Bxe6+ {[%clk 00:02:15]} {[%emt 00:00:44]} Qxe6 {[%clk 00:15:15]}
{[%emt 00:00:02]} 31. Re1 {[%clk 00:01:51]} {[%emt 00:00:33]} Qf6 {[%clk
00:14:55]} {[%emt 00:00:31]} 32. Rf1 {[%clk 00:01:57]} {[%emt 00:00:05]} Qc6
{[%clk 00:14:59]} {[%emt 00:00:05]} 33. Qf5 {[%clk 00:01:47]} {[%emt 00:00:20]}
Bg7 {[%clk 00:15:07]} {[%emt 00:00:02]} 34. Qd3 {[%clk 00:01:21]} {[%emt
00:00:36]} Re8 {[%clk 00:15:14]} {[%emt 00:00:03]} 35. Qf3 {[%clk 00:01:15]}
{[%emt 00:00:16]} Re4 {[%clk 00:15:21]} {[%emt 00:00:03]} 36. Qf7+ {[%clk
00:01:16]} {[%emt 00:00:10]} Kh8 {[%clk 00:15:29]} {[%emt 00:00:01]} 37. Rd1
{[%clk 00:01:02]} {[%emt 00:00:25]} Qe6 {[%clk 00:15:33]} {[%emt 00:00:05]} 38.
Qxe6 {[%clk 00:00:48]} {[%emt 00:00:24]} Rxe6 {[%clk 00:15:41]} {[%emt
00:00:02]} 39. Kg2 {[%clk 00:00:47]} {[%emt 00:00:11]} Re4 {[%clk 00:15:50]}
{[%emt 00:00:01]} 40. Kf3 {[%clk 00:00:49]} {[%emt 00:00:09]} Kg8 {[%clk
00:15:57]} {[%emt 00:00:02]} 41. Kg2 {[%clk 00:00:45]} {[%emt 00:00:14]} Kf7
{[%clk 00:16:06]} {[%emt 00:00:01]} 42. Rf1+ {[%clk 00:00:48]} {[%emt
00:00:08]} Ke6 {[%clk 00:16:14]} {[%emt 00:00:01]} 43. Rd1 {[%clk 00:00:56]}
{[%emt 00:00:03]} g4 {[%clk 00:16:20]} {[%emt 00:00:04]} 44. h3 {[%clk
00:00:56]} {[%emt 00:00:09]} h5 {[%clk 00:16:28]} {[%emt 00:00:02]} 45. Kh2
{[%clk 00:00:47]} {[%emt 00:00:19]} Re2+ {[%clk 00:16:35]} {[%emt 00:00:02]} 46.
Kg1 {[%clk 00:00:51]} {[%emt 00:00:07]} gxh3 {[%clk 00:16:43]} {[%emt
00:00:02]} 47. Kh1 {[%clk 00:00:45]} {[%emt 00:00:16]} Kf5 {[%clk 00:16:51]}
{[%emt 00:00:01]} 48. Rf1+ {[%clk 00:00:52]} {[%emt 00:00:04]} Kg4 {[%clk
00:16:56]} {[%emt 00:00:05]} 49. Rg1 {[%clk 00:00:43]} {[%emt 00:00:19]} Bh6
{[%clk 00:17:00]} {[%emt 00:00:05]} 50. Be1 {[%clk 00:00:45]} {[%emt 00:00:09]}
Be3 {[%clk 00:17:07]} {[%emt 00:00:02]} 51. Rf1 {[%clk 00:00:51]} {[%emt
00:00:04]} Rxb2 {[%clk 00:17:01]} {[%emt 00:00:17]} 52. a4 {[%clk 00:00:33]}
{[%emt 00:00:28]} h2 {[%clk 00:16:53]} {[%emt 00:00:18]} 53. a5 {[%clk
00:00:30]} {[%emt 00:00:14]} Kh3 {[%clk 00:17:00]} {[%emt 00:00:02]} 54. a6
{[%clk 00:00:37]} {[%emt 00:00:04]} bxa6 {[%clk 00:17:08]} {[%emt 00:00:02]} 55.
g4 {[%clk 00:00:39]} {[%emt 00:00:08]} hxg4 {[%clk 00:17:12]} {[%emt 00:00:06]}
56. Bf2 {[%clk 00:00:34]} {[%emt 00:00:14]} Bxf2 {[%clk 00:17:04]} {[%emt
00:00:18]} 57. Rxf2 {[%clk 00:00:40]} {[%emt 00:00:04]} Rb1+ {[%clk 00:17:12]}
{[%emt 00:00:02]} 0-1

[Event "British Rapidplay Championship 2023"]
[Site "Mercure Bradford, Bankfield Hotel"]
[Date "2023.04.16"]
[Round "11.22"]
[White "Parr, Thomas"]
[Black "Chedd, Neil"]
[Result "0-1"]
[TimeControl "All moves in 15 minutes plus 10 second increment per move from move 1"]
[WhiteElo "1324"]
[BlackElo "1663"]

1. d4 {[%clk 00:15:17]} {[%emt 00:00:03]} c6 {[%clk 00:15:18]} {[%emt
00:00:03]} 2. c4 {[%clk 00:15:25]} {[%emt 00:00:02]} d5 {[%clk 00:15:26]}
{[%emt 00:00:02]} 3. Nc3 {[%clk 00:15:30]} {[%emt 00:00:05]} Nf6 {[%clk
00:15:33]} {[%emt 00:00:02]} 4. Nf3 {[%clk 00:15:38]} {[%emt 00:00:03]} Bf5
{[%clk 00:15:15]} {[%emt 00:00:28]} 5. e3 {[%clk 00:15:35]} {[%emt 00:00:13]}
e6 {[%clk 00:15:16]} {[%emt 00:00:08]} 6. b3 {[%clk 00:15:42]} {[%emt
00:00:03]} Bb4 {[%clk 00:15:16]} {[%emt 00:00:11]} 7. Bb2 {[%clk 00:15:48]}
{[%emt 00:00:04]} Qa5 {[%clk 00:15:16]} {[%emt 00:00:10]} 8. Qc1 {[%clk
00:14:00]} {[%emt 00:01:58]} Ne4 {[%clk 00:15:09]} {[%emt 00:00:16]} 9. a3
{[%clk 00:13:24]} {[%emt 00:00:47]} Bxc3+ {[%clk 00:15:10]} {[%emt 00:00:08]}
10. Bxc3 {[%emt 00:00:59]} Qxc3+ {[%clk 00:14:19]} {[%emt 00:00:12]} 11. Qxc3
{[%clk 00:13:15]} {[%emt 00:00:19]} Nxc3 {[%clk 00:14:26]} {[%emt 00:00:03]} 12.
Ne5 {[%clk 00:12:22]} {[%emt 00:01:03]} Nd7 {[%clk 00:14:16]} {[%emt 00:00:20]}
13. Nxd7 {[%clk 00:12:20]} {[%emt 00:00:12]} Kxd7 {[%clk 00:14:03]} {[%emt
00:00:23]} 14. f3 {[%clk 00:12:27]} {[%emt 00:00:03]} dxc4 {[%clk 00:13:58]}
{[%emt 00:00:15]} 15. Kd2 {[%clk 00:11:14]} {[%emt 00:01:23]} Nb5 {[%clk
00:13:24]} {[%emt 00:00:44]} 16. bxc4 {[%clk 00:11:15]} {[%emt 00:00:10]} Nd6
{[%clk 00:13:20]} {[%emt 00:00:13]} 17. e4 {[%clk 00:11:17]} {[%emt 00:00:07]}
Bg6 {[%clk 00:13:24]} {[%emt 00:00:07]} 18. Rb1 {[%clk 00:11:12]} {[%emt
00:00:15]} b6 {[%clk 00:13:03]} {[%emt 00:00:31]} 19. a4 {[%clk 00:10:23]}
{[%emt 00:00:59]} Rab8 {[%clk 00:12:55]} {[%emt 00:00:17]} 20. Bd3 {[%clk
00:10:15]} {[%emt 00:00:18]} Rhe8 {[%clk 00:12:49]} {[%emt 00:00:17]} 21. h4
{[%clk 00:10:13]} {[%emt 00:00:12]} h6 {[%clk 00:12:21]} {[%emt 00:00:37]} 22.
h5 {[%clk 00:09:57]} {[%emt 00:00:27]} Bh7 {[%clk 00:12:13]} {[%emt 00:00:18]}
23. c5 {[%clk 00:09:42]} {[%emt 00:00:25]} bxc5 {[%clk 00:11:47]} {[%emt
00:00:36]} 24. dxc5 {[%clk 00:09:47]} {[%emt 00:00:05]} Nb7 {[%clk 00:11:29]}
{[%emt 00:00:27]} 25. Rhc1 {[%clk 00:09:12]} {[%emt 00:00:46]} Na5 {[%clk
00:09:55]} {[%emt 00:01:44]} 26. Rc3 {[%clk 00:08:08]} {[%emt 00:01:14]} Rxb1
{[%clk 00:09:42]} {[%emt 00:00:24]} 27. Bxb1 {[%clk 00:08:15]} {[%emt
00:00:02]} Rb8 {[%clk 00:09:38]} {[%emt 00:00:13]} 28. Bd3 {[%clk 00:07:29]}
{[%emt 00:00:56]} Nb3+ {[%clk 00:09:36]} {[%emt 00:00:12]} 29. Ke3 {[%clk
00:07:28]} {[%emt 00:00:11]} Ke7 {[%clk 00:07:46]} {[%emt 00:02:00]} 30. Bc2
{[%clk 00:07:17]} {[%emt 00:00:21]} Na5 {[%clk 00:07:34]} {[%emt 00:00:22]} 31.
g4 {[%clk 00:06:30]} {[%emt 00:00:58]} f6 {[%clk 00:07:39]} {[%emt 00:00:05]}
32. f4 {[%clk 00:05:42]} {[%emt 00:00:58]} e5 {[%clk 00:07:15]} {[%emt
00:00:33]} 33. f5 {[%clk 00:05:09]} {[%emt 00:00:44]} Bg8 {[%clk 00:07:18]}
{[%emt 00:00:07]} 34. Kd3 {[%clk 00:04:29]} {[%emt 00:00:50]} Nb3 {[%clk
00:06:58]} {[%emt 00:00:30]} 35. Ke3 {[%clk 00:03:48]} {[%emt 00:00:51]} Nd4
{[%clk 00:06:55]} {[%emt 00:00:12]} 36. Bd1 {[%clk 00:03:41]} {[%emt 00:00:18]}
Bb3 {[%clk 00:06:21]} {[%emt 00:00:44]} 37. Bxb3 {[%clk 00:03:03]} {[%emt
00:00:48]} Rxb3 {[%clk 00:06:06]} {[%emt 00:00:25]} 38. Rxb3 {[%clk 00:03:06]}
{[%emt 00:00:07]} Nxb3 {[%clk 00:06:14]} {[%emt 00:00:02]} 39. Kd3 {[%clk
00:03:12]} {[%emt 00:00:04]} Nxc5+ {[%clk 00:06:21]} {[%emt 00:00:04]} 40. Kc4
{[%clk 00:03:06]} {[%emt 00:00:15]} Nxa4 {[%clk 00:06:11]} {[%emt 00:00:20]} 41.
Kb4 {[%clk 00:02:54]} {[%emt 00:00:22]} Nb6 {[%clk 00:06:13]} {[%emt 00:00:08]}
42. Kc5 {[%clk 00:03:01]} {[%emt 00:00:04]} Kd7 {[%clk 00:06:15]} {[%emt
00:00:08]} 43. Kb4 {[%clk 00:03:01]} {[%emt 00:00:09]} Kd6 {[%clk 00:06:19]}
{[%emt 00:00:06]} 44. Kc3 {[%clk 00:02:59]} {[%emt 00:00:13]} Kc5 {[%clk
00:06:25]} {[%emt 00:00:04]} 45. Kd3 {[%clk 00:03:04]} {[%emt 00:00:05]} a5
{[%clk 00:06:32]} {[%emt 00:00:03]} 46. Kc3 {[%clk 00:03:12]} {[%emt 00:00:02]}
a4 {[%clk 00:06:40]} {[%emt 00:00:02]} 47. Kb2 {[%clk 00:03:13]} {[%emt
00:00:09]} Kd4 {[%clk 00:06:48]} {[%emt 00:00:02]} 0-1